000
00281nam a2200109Ia 4500
008
230907s9999||||xx |||||||||||||| ||und||
082
_a
307.1216
_b
MCG
245
0
_a
Urban design ecologies /
260
_a
Wiley,
_b
Chichester, West Sussex :
_c
2013
300
_a
319 p. :
942
_c
BK
999
_c
600755
_d
600755